000 00407nam a2200169Ia 4500
001 22783
005 20260414150854.0
008 260414t1997||||xx |||||||||||||| ||spa||
041 _aESP
082 _a622
_bC74 T. 1
110 _aXXIII Convención de Ingenieros de Minas del Perú
245 0 _aTrabajos técnicos
_b
260 _c1997
650 _aTCA
654 _aCIC
942 _cLIB
_dJUS
_fJUS
_2ddc
_n
999 _c22783
_d22783